Statistics for Countries Least Similar To Algeria

Click here to take the quiz!

General Stats

  • This quiz has been taken 27 times
  • The average score is 10 of 20

Answer Stats

RankCountryScore% Correct
7United States46.9
91%
12Canada47.9
87%
1Japan43.3
83%
14Finland48.0
78%
12Norway47.9
78%
17United Kingdom48.4
78%
11South Korea47.7
74%
4Iceland46.2
61%
2New Zealand43.5
61%
9Denmark47.5
57%
20Ireland48.9
52%
10Netherlands47.6
52%
3Singapore45.8
43%
5Taiwan46.4
43%
6Switzerland46.7
35%
7Bahamas46.9
22%
16Samoa48.1
13%
14Papua New Guinea48.0
4%
17Solomon Islands48.4
4%
19Trinidad and Tobago48.5
4%

Score Distribution

Percentile by Number Answered

Percent of People with Each Score

Your Score History

You have not taken this quiz